000 00338nam a2200145 i 4500
001 bg
100 1 _aKIMURA, H.
245 1 0 _aQuench hardening in metals /
_cH. Kimura, R. Maddin.
260 _aAmsterdam,
_c1971.
700 1 _aMADDIN, R.
040 _cBPK
041 _apol
942 _cKS
008 s pl f |000 0 pol
999 _c25675
_d25675
856 _uhttp://koha.tu.koszalin.pl/cgi-bin/koha/opac-detail.pl?biblionumber=25675
_yKatalog online BPK